000 00919nam a2200193Ii 4500
003 JO-AjNU
008 230605s9999||||xx |||||||||||||| ||und||
040 _aJO-AjNU
_bara
_erda
_cJO-AjNU
041 _aara
050 1 4 _aPJ7510.I2664 1900
100 3 _aتأليف: القرطبي، ابي عمر يوسف بن عبدالله بن محمد بن عبدالبر النمري؛ تحقيق: محمد مرسي الخولي,
_eauthor
_959132
245 0 0 _aبهجة المجالس ، أنس المجالس وشحد الذاهن والهاجس، مج1 القسم الاول
264 3 1 _aبيروت: دار الكتب العلمية، 1900
300 _aمجلد1 القسم الاول : 425ص
336 _atext
_btxt
_2rdacontent
337 _aunmediated
_bn
_2rdamedia
338 _avolume
_bnc
_2rdacarrier
650 4 _aالأدب العربي -- العصر العباسي الثاني، 846-954 -- مجموعات
_959133
999 _aA26594
_c30162
_d30162